Statistics for Countries That End in 'AN'

Click here to take the quiz!

General Stats

  • This quiz has been taken 55 times
  • The average score is 11 of 16

Answer Stats

Countries% Correct
Japan
94%
Kazakhstan
86%
Turkmenistan
84%
Kyrgyzstan
82%
Afghanistan
78%
Tajikistan
78%
Pakistan
74%
Uzbekistan
74%
Iran
62%
Jordan
58%
Azerbaijan
56%
Oman
56%
South Sudan
52%
Sudan
52%
Bhutan
46%
Taiwan
46%

Score Distribution

Percentile by Number Answered

Percent of People with Each Score

Your Score History

You have not taken this quiz